000 00514nam a2200169Ia 4500
008 110201s9999 xx 000 0 und d
082 _bB7094
_aS 1049
100 _aखरे नंदा
245 _aअंताजीची बखर
260 _bग्रंथाली प्रकाशन
365 _b250
600 _aखरे नंदा
630 _aअंताजीची बखर
700 _aखरे नंदा
730 _aअंताजीची बखर
942 _cBOOK
999 _c832657
_d832654